Most Hated YouTube Channels - Statistics

General Stats
  • This quiz has been taken 55 times
  • The average score is 3 of 10
Answer Stats
# Channel % Correct
4 PewDiePie
79%
1 Jake Paul
57%
2 RiceGum
38%
8 DramaAlert
26%
5 LeafyIsHere
21%
9 Misha
9%
3 Watchmojo
9%
10 ItsRucka
4%
7 Joey Salads
4%
6 Scarce
4%
No matching quizzes found
Score Distribution
Percent of People with Each Score
Percentile by Number Answered
Your Score History
You have not taken this quiz